Hogyan fedeztem fel a C-vitamint?

Elmentve itt :
Bibliográfiai részletek
Szerző: Szent-Györgyi Albert
Dokumentumtípus: Cikk
Megjelent: 1933-12-24
Sorozat:Szegedi Friss Ujság
Kulcsszavak:C-vitamin, Előadás, Orvosi Továbbképzés Központi Bizottsága
Online Access:http://misc.bibl.u-szeged.hu/73718
LEADER 00674nab a2200181 i 4500
001 misc73718
005 20241018124033.0
008 240123s1933 hu o 000 hun d
040 |a SZTE Miscellanea Repozitórium  |b hun 
041 |a hun 
100 2 |a Szent-Györgyi Albert 
245 1 0 |a Hogyan fedeztem fel a C-vitamint?  |h [elektronikus dokumentum] /  |c  Szent-Györgyi Albert 
260 |c 1933-12-24 
300 |a 7 
490 0 |a Szegedi Friss Ujság 
561 |a Szent-Györgyi Albert tudományos és egyéb írásai 
695 |a C-vitamin, Előadás, Orvosi Továbbképzés Központi Bizottsága 
856 4 0 |u http://misc.bibl.u-szeged.hu/73718/1/szgya_magyar_071.pdf  |z Dokumentum-elérés